| Tag |
First Indicator |
Second Indicator |
Subfields |
| LEADER |
00000cam a2200000 a 4500 |
| 001 |
in00000091079 |
| 005 |
20151008063912.0 |
| 008 |
760824c19751919gw 00011 ger d |
| 020 |
|
|
|a 3426088290
|
| 035 |
|
|
|a (OCoLC)02392235
|
| 035 |
|
|
|9 AAK3148AM
|
| 040 |
|
|
|a EYM
|c EYM
|d TXA
|d UtOrBLW
|
| 049 |
|
|
|a TXAM
|c [1272146]
|
| 090 |
|
|
|a PT2613.A51
|b M3 1975
|
| 100 |
1 |
|
|a Ganghofer, Ludwig,
|d 1855-1920.
|
| 245 |
1 |
4 |
|a Der Mann im Salz :
|b roman aus dem Anfang des 17. Jahrhunderts /
|c Ludwig Ganghofer.
|
| 264 |
|
1 |
|a Munchen :
|b D. Knaur,
|c 1975
|
| 264 |
|
4 |
|c ©1919
|
| 300 |
|
|
|a 332 pages ;
|c 20 cm.
|
| 336 |
|
|
|a text
|b txt
|2 rdacontent
|
| 337 |
|
|
|a unmediated
|b n
|2 rdamedia
|
| 338 |
|
|
|a volume
|b nc
|2 rdacarrier
|
| 500 |
|
|
|a Reprint. Originally published: Stuttgart : A. Bonz, 1919.
|
| 999 |
|
|
|a MARS
|
| 999 |
f |
f |
|s d99c648b-564c-3690-b189-d8fe3ce15812
|i e5d51a79-464b-35c1-b29a-835fe05dda6c
|t 0
|
| 952 |
f |
f |
|p ric
|a Texas A&M University
|b Rellis Campus
|c Joint Library Facility
|d Remote Storage
|t 0
|e PT2613.A51 M3 1975
|h Library of Congress classification
|i unmediated -- volume
|m A14806194707
|
| 998 |
f |
f |
|a PT2613.A51 M3 1975
|t 0
|l Remote Storage
|